| 000 | 005190000a22001930004500 | ||
|---|---|---|---|
| 001 | 001328 | ||
| 003 | MACL | ||
| 005 | 20150705143245.0 | ||
| 008 | 150705b xxu||||| |||| 00| 0 eng d | ||
| 040 |
_aMACL _cMACL |
||
| 041 | _aEnglish | ||
| 082 | _a305.42/GIR | ||
| 100 |
_aWadhwa, Kanwar Sonali Jolly _9864 |
||
| 245 |
_aGender _bA Cross Cultural Perspective _cKanwar Sonali Jolly Wadhwa |
||
| 260 |
_aNew Delhi _c2000 _bGyan Publishing house, |
||
| 350 | _a375 | ||
| 650 |
_aSocial Science _929 |
||
| 942 |
_k305 _cBK _2ddc |
||
| 999 |
_c1323 _d1323 |
||